Statement by the Managing Director on the Work Program of the Executive Board.

The Managing Director's Global Policy Agenda (GPA) presented to the IMFC during the Annual Meetings charted a set of actions needed across the membership to secure the recovery and to lay the foundation for a more robust global financial architecture. The GPA also detailed the Fund's role...

Descripción completa

Detalles Bibliográficos
Autor Corporativo: International Monetary Fund
Formato: Revista
Lenguaje:English
Publicado: Washington, D.C. : International Monetary Fund, 2012.
Colección:Policy Papers; Policy Paper ; No. 2012/064
Materias:
Acceso en línea:Full text available on IMF
LEADER 01877cas a2200301 a 4500
001 AALejournalIMF020135
008 230101c9999 xx r poo 0 0eng d
020 |c 5.00 USD 
020 |z 9781498339636 
022 |a 2663-3493 
040 |a BD-DhAAL  |c BD-DhAAL 
110 2 |a International Monetary Fund. 
245 1 0 |a Statement by the Managing Director on the Work Program of the Executive Board. 
264 1 |a Washington, D.C. :  |b International Monetary Fund,  |c 2012. 
300 |a 1 online resource (8 pages) 
490 1 |a Policy Papers 
500 |a <strong>Off-Campus Access:</strong> No User ID or Password Required 
500 |a <strong>On-Campus Access:</strong> No User ID or Password Required 
506 |a Electronic access restricted to authorized BRAC University faculty, staff and students 
520 3 |a The Managing Director's Global Policy Agenda (GPA) presented to the IMFC during the Annual Meetings charted a set of actions needed across the membership to secure the recovery and to lay the foundation for a more robust global financial architecture. The GPA also detailed the Fund's role in assisting the membership with these formidable tasks, building on the recent reforms to buttress the Fund's surveillance framework. This work program translates the broad policy directions laid out in the GPA into a specific agenda for the Fund for the next six months and, in order to foster more strategic planning and prioritization, our current plans regarding key policy items over the next year. 
538 |a Mode of access: Internet 
650 7 |a Briefing  |2 imf 
650 7 |a Policy  |2 imf 
650 7 |a PP  |2 imf 
650 7 |a Staff Briefing  |2 imf 
650 7 |a Staff  |2 imf 
830 0 |a Policy Papers; Policy Paper ;  |v No. 2012/064 
856 4 0 |z Full text available on IMF  |u http://elibrary.imf.org/view/journals/007/2012/064/007.2012.issue-064-en.xml  |z IMF e-Library